Les Biopics au cinéma (en images) - Statistiques

Statistiques générales
  • Ce quiz a été pris 156 fois
  • Le résultat moyen est 9 sur 16
Statistiques - réponses
Par images Réponse % Correct
Chaplin
90%
Gandhi
87%
Lincoln
87%
Amadeus
79%
The Social Network
78%
Rocketman
68%
Ray
67%
Napoléon
59%
Braveheart
57%
La Liste de Schindler
49%
Raging Bull
43%
Le Discours d'un roi
40%
Imitation Game
39%
L'Évangile selon saint Matthieu
35%
The Doors
31%
Harvey Milk
16%
Aucun quiz correspondant
Distribution des résultats
% des personnes avec chaque résultat
Percentile par nombre de réponses
Votre historique - résultats
Vous n’avez pas pris ce quiz